000 00810nam a2200229 a 4500
001 000035080
005 20200930074106.0
008 111024s1974 mx 000 0 spa d
040 _aDO-SdBNP
_bspa
_cBNPHU
082 _axxxx
_bR985p
100 1 _aRuyer, Raymond
_960740
240 1 0 _aPhilosophie de la valeur
_lEspañol
245 1 0 _aFilosofía del valor. /
_cRaymond Ruyer ; traducción de Agustín Ezcurdia hija.
260 _aMéxico :
_bFondo de Cultura Económica,
_c1974.
300 _a210 p. ;
_c17 cm.
490 1 _aBreviarios del Fondo de Cultura Económica
_v208
500 _aTraducido del inglés
504 _aBibliografía : p. 203-205
590 _aPerteneció a la biblioteca personal de Juan Isidro
830 0 _aBreviarios del Fondo de Cultura Económica
_v208
_925786
049 _aBNGR
999 _c34571
_d34571